000 00277nam a22001217a 4500
008 171213b xxu||||| |||| 00| 0 eng d
041 _aeng
080 _216 ED
_a61
100 _a2
101 _aMJE
245 _aPRINCIPLES OF INTERNAL MEDICINE
_cKASPER.H
942 _2udc
_cBK
999 _c38885
_d38885